000 00369nam a2200157Ia 4500
001 22894
003 IN-NITTTR
005 20251114233258.0
008 251113s9999||||xx |||||||||||||| ||eng||
040 _beng
040 _cIN-NITTTR
041 _aeng
082 _a624.1834 H537
245 0 _aHigh performance concrete from material to structure. /
942 _2ddc
_cBK
999 _c25523
_d25523